Statistics for London City Airport Destinations (London, UK)

Click here to take the quiz!

General Stats

  • This quiz has been taken 48 times
  • The average score is 21 of 35

Answer Stats

AirlineDestination% Correct
British Airways/KLMAmsterdam
95%
British AirwaysDublin
95%
British AirwaysEdinburgh
95%
British Airways/Swiss International Air LinesGeneva
95%
British AirwaysGlasgow
93%
British Airways/Swiss International Air LinesZurich
93%
LuxairLuxembourg
90%
British AirwaysBelfast (City)
85%
ITA AirwaysMilan (Linate)
85%
British Airways/LufthansaFrankfurt
83%
LoganairIsle of Man
83%
British AirwaysBerlin
80%
British AirwaysBarcelona
71%
British AirwaysJersey
68%
British AirwaysPalma de Mallorca
68%
British AirwaysIbiza
66%
British AirwaysMalaga
66%
British AirwaysNice
66%
British AirwaysDusseldorf
61%
British AirwaysFlorence
56%
LuxairAntwerp
49%
British AirwaysPrague
49%
British AirwaysFaro
44%
British AirwaysRotterdam
39%
British AirwaysMykonos
37%
LOT Polish AirlinesVilnius
34%
British AirwaysSalzburg
29%
British AirwaysBergerac
27%
British AirwaysBillund
27%
British AirwaysChambery
27%
British AirwaysSan Sebastian
24%
British AirwaysSkiathos
24%
British AirwaysSplit
24%
British AirwaysQuimper
22%
British AirwaysThessaloniki
20%

Score Distribution

Percentile by Number Answered

Percent of People with Each Score

Your Score History

You have not taken this quiz